000 00632nam a2200253Ia 4500
003 OSt
005 20221007071512.0
006 a|||||r|||| 00| 0
007 ta
008 221006b |||||||| |||| 00| 0 eng d
020 _a0406662045
024 _a4,042
037 _cTextual
040 _aFLL
_cFLL
_beng
041 _2eng
_aeng
082 _aZ3:4, K8;L2
100 _aStreet Harry Au.
_9688322
245 0 _aLaw of torts
250 _a5th
260 _aLondon
_bButterworths UK
_c1972
650 _aLaw of torts
942 _hZ3:4, K8;L2
_cTEXL
_2CC
999 _c1143538
_d1143538